Équipe de France pour la coupe du monde 2026 - Statistiques

Statistiques générales
  • Ce quiz a été pris 338 fois
  • Le résultat moyen est 22 sur 26
Statistiques - réponses
nom % Correct
Kylian Mbappé
98%
Mike Maignan
97%
Ousmane Dembélé
97%
Lucas Hernandez
94%
Théo Hernandez
93%
Dayot Upamecano
92%
Brice Samba
90%
Désiré Doué
89%
Michael Olise
89%
N'Golo Kanté
87%
Aurélien Tchouaméni
86%
Bradley Barcola
86%
Jules Koundé
86%
William Saliba
86%
Adrien Rabiot
85%
Rayan Cherki
85%
Lucas Digne
84%
Ibrahima Konaté
81%
Marcus Thuram
81%
Robin Risser
79%
Warren Zaïre-Emery
76%
Jean-Philippe Mateta
74%
Maxence Lacroix
71%
Manu Koné
69%
Malo Gusto
65%
Maghnes Akliouche
63%
Aucun quiz correspondant
Distribution des résultats
% des personnes avec chaque résultat
Percentile par nombre de réponses
Votre historique - résultats
Vous n’avez pas pris ce quiz